| 000 -LEADER |
| fixed length control field |
05812nam a22012497a 4500 |
| 001 - CONTROL NUMBER |
| control field |
5046739 |
| 003 - CONTROL NUMBER IDENTIFIER |
| control field |
LIBRIS |
| 005 - DATE AND TIME OF LATEST TRANSACTION |
| control field |
20241031122741.0 |
| 008 - FIXED-LENGTH DATA ELEMENTS--GENERAL INFORMATION |
| fixed length control field |
011211s1972 xxka||||||||||000 0|eng|c |
| 020 ## - INTERNATIONAL STANDARD BOOK NUMBER |
| International Standard Book Number |
0563122447 |
| Qualifying information |
BBC |
| 020 ## - INTERNATIONAL STANDARD BOOK NUMBER |
| International Standard Book Number |
0140216316 |
| Qualifying information |
Penguin |
| 020 ## - INTERNATIONAL STANDARD BOOK NUMBER |
| International Standard Book Number |
0140135154 |
| 020 ## - INTERNATIONAL STANDARD BOOK NUMBER |
| International Standard Book Number |
9780140135152 |
| 040 ## - CATALOGING SOURCE |
| Original cataloging agency |
Li |
| Description conventions |
a |
| Language of cataloging |
eng |
| Transcribing agency |
DLC |
| 041 ## - LANGUAGE CODE |
| Language code of text/sound track or separate title |
eng |
| 080 ## - UNIVERSAL DECIMAL CLASSIFICATION NUMBER |
| Universal Decimal Classification number |
7 |
| Item number |
B-45 |
| 082 04 - DEWEY DECIMAL CLASSIFICATION NUMBER |
| Classification number |
759.94 |
| Edition number |
23/swe |
| 083 0# - ADDITIONAL DEWEY DECIMAL CLASSIFICATION NUMBER |
| Classification number |
701.15 |
| Edition number |
23/swe |
| 084 ## - OTHER CLASSIFICATION NUMBER |
| Classification number |
Ia:do |
| Number source |
kssb/5 |
| 084 ## - OTHER CLASSIFICATION NUMBER |
| Classification number |
Dodb |
| Number source |
kssb/5 |
| 084 ## - OTHER CLASSIFICATION NUMBER |
| Classification number |
Iaa |
| Number source |
kssb/6 |
| 084 ## - OTHER CLASSIFICATION NUMBER |
| Classification number |
Dodbc |
| Number source |
kssb/6 |
| 084 ## - OTHER CLASSIFICATION NUMBER |
| Classification number |
Ia:do |
| Number source |
kssb/5 |
| 084 ## - OTHER CLASSIFICATION NUMBER |
| Classification number |
Dodb |
| Number source |
kssb/5 |
| 084 ## - OTHER CLASSIFICATION NUMBER |
| Classification number |
Iaa |
| Number source |
kssb/6 |
| 084 ## - OTHER CLASSIFICATION NUMBER |
| Classification number |
Dodbc |
| Number source |
kssb/6 |
| 084 ## - OTHER CLASSIFICATION NUMBER |
| Classification number |
Iaa |
| Number source |
kssb/6 |
| 084 ## - OTHER CLASSIFICATION NUMBER |
| Classification number |
Iaa |
| Number source |
kssb/6 |
| 084 ## - OTHER CLASSIFICATION NUMBER |
| Classification number |
Dodbc |
| Number source |
kssb/6 |
| 100 ## - MAIN ENTRY--PERSONAL NAME |
| 9 (RLIN) |
1123 |
| Personal name |
Berger, John |
| 245 10 - TITLE STATEMENT |
| Title |
Ways of seeing |
| Remainder of title |
based on the BBC television series with John Berger / |
| Statement of responsibility, etc. |
/ by: British Broadcasting Corporation and Penguin books |
| 260 ## - PUBLICATION, DISTRIBUTION, ETC. |
| Place of publication, distribution, etc. |
London |
| Name of publisher, distributor, etc. |
British Broadcasting Corporation and Penguin books |
| Date of publication, distribution, etc. |
1972 |
| 300 ## - PHYSICAL DESCRIPTION |
| Extent |
166 p. |
| Other physical details |
ill. |
| 365 ## - TRADE PRICE |
| Price amount |
12.95 usd |
| 490 0# - SERIES STATEMENT |
| Series statement |
A Pelican original |
| 500 ## - GENERAL NOTE |
| General note |
�ven tryckt 1977 |
| 650 #7 - SUBJECT ADDED ENTRY--TOPICAL TERM |
| Topical term or geographic name entry element |
Visuell perception |
| Authority record control number or standard number |
https://id.kb.se/term/sao/Visuell%20perception |
| Source of heading or term |
sao |
| 650 #0 - SUBJECT ADDED ENTRY--TOPICAL TERM |
| Topical term or geographic name entry element |
Art |
| 9 (RLIN) |
447 |
| 650 #7 - SUBJECT ADDED ENTRY--TOPICAL TERM |
| Topical term or geographic name entry element |
M�larkonst |
| Authority record control number or standard number |
https://id.kb.se/term/sao/M%C3%A5larkonst |
| Source of heading or term |
sao |
| 650 #0 - SUBJECT ADDED ENTRY--TOPICAL TERM |
| Topical term or geographic name entry element |
Visual perception |
| 650 #0 - SUBJECT ADDED ENTRY--TOPICAL TERM |
| Topical term or geographic name entry element |
Painting |
| 653 ## - INDEX TERM--UNCONTROLLED |
| Uncontrolled term |
ხელოვნება |
| 700 1# - ADDED ENTRY--PERSONAL NAME |
| Personal name |
Berger, John, |
| Dates associated with a name |
1926-2017 |
| Relationship |
aut |
| Authority record control number or standard number |
https://libris.kb.se/20dgg5wl3x3tnpb#it |
| 887 ## - NON-MARC INFORMATION FIELD |
| Content of non-MARC field |
{"@id":"9slchj3m3cs2stp","modified":"2017-04-05T15:59:25+02:00","checksum":"76338618977"} |
| Source of data |
librisxl |
| 887 ## - NON-MARC INFORMATION FIELD |
| Content of non-MARC field |
{"@id":"jnvssp7p4503glz","modified":"2021-02-19T08:24:52.206+01:00","checksum":"104464262259"} |
| Source of data |
librisxl |
| 887 ## - NON-MARC INFORMATION FIELD |
| Content of non-MARC field |
{"@id":"x29hgbg34vvqk4f","modified":"2017-08-10T12:04:59+02:00","checksum":"96107269965"} |
| Source of data |
librisxl |
| 887 ## - NON-MARC INFORMATION FIELD |
| Content of non-MARC field |
{"@id":"lqwjwt3r0l836z6","modified":"2018-06-05T17:52:08.035+02:00","checksum":"103180982633"} |
| Source of data |
librisxl |
| 887 ## - NON-MARC INFORMATION FIELD |
| Content of non-MARC field |
{"@id":"mrxkxv4s315kx1t","modified":"2018-06-05T17:52:08.038+02:00","checksum":"118403666535"} |
| Source of data |
librisxl |
| 887 ## - NON-MARC INFORMATION FIELD |
| Content of non-MARC field |
{"@id":"fkrv9v5l2qs559n","modified":"2010-03-19T15:57:11+01:00","checksum":"106030963893"} |
| Source of data |
librisxl |
| 887 ## - NON-MARC INFORMATION FIELD |
| Content of non-MARC field |
{"@id":"ns198nwt16fx6wk","modified":"2017-08-17T13:35:47+02:00","checksum":"109740548579"} |
| Source of data |
librisxl |
| 887 ## - NON-MARC INFORMATION FIELD |
| Content of non-MARC field |
{"@id":"qv1qg9tw39v7x1s","modified":"2002-10-07T15:13:23+02:00","checksum":"102229845796"} |
| Source of data |
librisxl |
| 887 ## - NON-MARC INFORMATION FIELD |
| Content of non-MARC field |
{"@id":"pt0m0x6v2f7tg39","modified":"2018-06-05T17:52:08.042+02:00","checksum":"106410681195"} |
| Source of data |
librisxl |
| 887 ## - NON-MARC INFORMATION FIELD |
| Content of non-MARC field |
{"@id":"qv1n1z7w0n2w1nk","modified":"2014-05-13T11:56:56+02:00","checksum":"126252905705"} |
| Source of data |
librisxl |
| 887 ## - NON-MARC INFORMATION FIELD |
| Content of non-MARC field |
{"@id":"s54f6wfpq48kmgdc","modified":"2020-11-19T10:56:34.796+01:00","checksum":"135821210428"} |
| Source of data |
librisxl |
| 887 ## - NON-MARC INFORMATION FIELD |
| Content of non-MARC field |
{"@id":"8dl7whtf15txsqn","modified":"2014-04-10T14:46:11+02:00","checksum":"107557845521"} |
| Source of data |
librisxl |
| 887 ## - NON-MARC INFORMATION FIELD |
| Content of non-MARC field |
{"@id":"dpq2g3d3bzqbk0gc","modified":"2019-07-02T10:34:23.509+02:00","checksum":"105800168268"} |
| Source of data |
librisxl |
| 887 ## - NON-MARC INFORMATION FIELD |
| Content of non-MARC field |
{"@id":"lqxrq16r18shwnv","modified":"2006-10-06T14:29:18+02:00","checksum":"110598818384"} |
| Source of data |
librisxl |
| 887 ## - NON-MARC INFORMATION FIELD |
| Content of non-MARC field |
{"@id":"chpkxtkj419xx46","modified":"2018-01-08T12:50:23+01:00","checksum":"95817922340"} |
| Source of data |
librisxl |
| 887 ## - NON-MARC INFORMATION FIELD |
| Content of non-MARC field |
{"@id":"kpvmsz7q0s0m47z","modified":"2003-12-03T15:10:25+01:00","checksum":"99295617613"} |
| Source of data |
librisxl |
| 887 ## - NON-MARC INFORMATION FIELD |
| Content of non-MARC field |
{"@id":"37d34m783b5rtl7","modified":"2017-08-09T16:31:53+02:00","checksum":"105303654655"} |
| Source of data |
librisxl |
| 887 ## - NON-MARC INFORMATION FIELD |
| Content of non-MARC field |
{"@id":"nszsmz8t5csx1f0","modified":"2005-09-21T12:35:06+02:00","checksum":"107995222372"} |
| Source of data |
librisxl |
| 887 ## - NON-MARC INFORMATION FIELD |
| Content of non-MARC field |
{"@id":"v05s53d15fvwgvp","modified":"2018-01-04T10:24:10+01:00","checksum":"148184627029"} |
| Source of data |
librisxl |
| 887 ## - NON-MARC INFORMATION FIELD |
| Content of non-MARC field |
{"@id":"rw2w4xrx3wmw6sr","modified":"2016-12-16T09:31:01+01:00","checksum":"108250696562"} |
| Source of data |
librisxl |
| 942 ## - ADDED ENTRY ELEMENTS (KOHA) |
| Source of classification or shelving scheme |
|
| Koha item type |
Books |
| 949 ## - LOCAL PROCESSING INFORMATION (OCLC) |
| 5 |
Ghdk |
| 6 |
4000002646 |
| a |
Ia BER |
| s |
2144 |
| t |
YNNNN |